[Event "LSS No Engine Cup 219 Preliminary 0"]
[Site "LSS email"]
[Date "2021.07.10"]
[Round "?"]
[White "Czaban, Tomasz"]
[Black "Hoehne, Volkmar"]
[Result "0-1"]
[WhiteElo "1030"]
[BlackElo "2140"]
[PlyCount "42"]
[EventDate "2021.07.10"]
[EventType "tourn (corr)"]
[EventRounds "6"]
[EventCountry "GER"]
[SourceTitle "Corr 2024"]
[Source "ChessBase"]
[SourceDate "2023.10.19"]
[SourceVersion "1"]
[SourceVersionDate "2023.10.19"]
[SourceQuality "1"]

1. e4 d5 2. exd5 Qxd5 3. Nc3 Qa5 4. d4 Nf6 5. Bd2 c6 6. Ne4 Qd5 7. Nxf6+ exf6 8. Be3 Bd6 9. Qd3 0-0 10. h3 Na6 11. Nf3 Nb4 12. Qd2 Bf5 13. a3 Nxc2+ 14. Kd1 Nxa1 15. Qc3 b5 16. Be2 Rfe8 17. Rg1 Nc2 18. Bd3 Nxe3+ 19. Kd2 Nxg2 20. Rxg2 Qxf3 21. Bf1 Bf4+ 0-1

[Event "LSS No Engine Cup 219 Preliminary 0"]
[Site "LSS email"]
[Date "2021.07.10"]
[Round "?"]
[White "Lonyuk, Bohdan"]
[Black "Czaban, Tomasz"]
[Result "1/2-1/2"]
[WhiteElo "1782"]
[BlackElo "1030"]
[PlyCount "131"]
[EventDate "2021.07.10"]
[EventType "tourn (corr)"]
[EventRounds "6"]
[EventCountry "GER"]
[SourceTitle "Corr 2024"]
[Source "ChessBase"]
[SourceDate "2023.10.19"]
[SourceVersion "1"]
[SourceVersionDate "2023.10.19"]
[SourceQuality "1"]

1. c4 e6 2. g3 d5 3. Bg2 dxc4 4. Qc2 Nf6 5. Nf3 Bd7 6. Ne5 Bd6 7. Bxb7 Bxe5 8. Bxa8 Bc6 9. Bxc6+ Nbd7 10. Qxc4 0-0 11. Nc3 Nb6 12. Qb5 Nfd5 13. Nxd5 Nxd5 14. b3 Bxa1 15. 0-0 Bf6 16. Ba3 Be7 17. Bxe7 Qxe7 18. Bxd5 exd5 19. Qxd5 Qxe2 20. a4 Re8 21. Qd7 Qe5 22. d4 Qe7 23. Qxe7 Rxe7 24. Rc1 f6 25. b4 Kf8 26. b5 Ke8 27. h4 Kd7 28. Kg2 Re4 29. Rd1 Kd6 30. d5 Rxa4 31. Kh3 Ra5 32. Rb1 Kxd5 33. Rd1+ Ke6 34. Rc1 Kd7 35. Rd1+ Kc8 36. Rb1 Ra2 37. f4 Re2 38. Rb3 Kb7 39. Kg4 g6 40. h5 Kb6 41. Kf3 Rd2 42. hxg6 hxg6 43. Ke4 Re2+ 44. Kd5 Re1 45. Kd4 Re6 46. Kd5 Rd6+ 47. Ke4 Kc5 48. Rc3+ Kb6 49. Rb3 a6 50. bxa6+ Kxa6 51. g4 c5 52. Ra3+ Kb5 53. Rh3 Rd4+ 54. Ke3 f5 55. g5 Kc4 56. Rh6 Rd3+ 57. Ke2 Rd4 58. Ke3 Re4+ 59. Kf3 Re6 60. Rh7 Kc3 61. Rf7 c4 62. Rf6 Re7 63. Rxg6 Kd2 64. Rd6+ Kc2 65. Rf6 c3 66. Rxf5 1/2-1/2

[Event "RN-2019-0-01588"]
[Site "LSS email"]
[Date "2019.12.27"]
[Round "?"]
[White "Evtyugin, Yury Alekseevich"]
[Black "Czaban, Tomasz"]
[Result "0-1"]
[WhiteElo "1022"]
[BlackElo "471"]
[PlyCount "32"]
[EventDate "2019.12.09"]
[EventType "tourn (corr)"]
[EventRounds "6"]
[EventCountry "GER"]
[SourceTitle "Corr 2022"]
[Source "ChessBase"]
[SourceDate "2021.10.24"]
[SourceVersion "1"]
[SourceVersionDate "2021.10.24"]
[SourceQuality "1"]

1. Nf3 d5 2. d4 Nc6 3. Bf4 Bg4 4. e3 Nf6 5. Be2 e6 6. 0-0 Bd6 7. a4 Bxf4 8. exf4 Ne4 9. c3 0-0 10. Nbd2 Nxd2 11. Nxd2 Bxe2 12. Qxe2 Re8 13. Qb5 Rb8 14. a5 a6 15. Qd3 h6 16. b4 Qf6 0-1

[Event "RN-2019-0-01588"]
[Site "LSS email"]
[Date "2019.12.27"]
[Round "?"]
[White "Venturas, Bob"]
[Black "Czaban, Tomasz"]
[Result "1/2-1/2"]
[WhiteElo "602"]
[BlackElo "471"]
[PlyCount "89"]
[EventDate "2019.12.09"]
[EventType "tourn (corr)"]
[EventRounds "6"]
[EventCountry "GER"]
[SourceTitle "Corr 2022"]
[Source "ChessBase"]
[SourceDate "2021.10.24"]
[SourceVersion "1"]
[SourceVersionDate "2021.10.24"]
[SourceQuality "1"]

1. e4 e5 2. Nf3 Nc6 3. Bc4 h6 4. 0-0 Bc5 5. a3 d6 6. h3 Nf6 7. d3 Nd4 8. c3 Nxf3+ 9. Qxf3 0-0 10. Nd2 a6 11. Ba2 Qe7 12. Nc4 Be6 13. Be3 Bxe3 14. Nxe3 Bxa2 15. Rxa2 Qe6 16. Raa1 Nd7 17. Nf5 Qf6 18. Qg4 Qg5 19. Qh4 Qxh4 20. Nxh4 Nc5 21. Rad1 Kh7 22. f4 Nd7 23. f5 f6 24. Ng6 Rfe8 25. Rfe1 Nf8 26. Nh4 c5 27. c4 Rab8 28. b3 Ra8 29. Kh2 b5 30. cxb5 axb5 31. Rb1 Rxa3 32. Red1 b4 33. Nf3 Rea8 34. g4 Nd7 35. Kg3 Ra2 36. Nd2 Rc2 37. Nc4 Raa2 38. Nxd6 Rg2+ 39. Kh4 g5+ 40. Kh5 Rh2 41. Rh1 Kg7 42. Ne8+ Kh7 43. Nd6 Kg7 44. Ne8+ Kh7 45. Nd6 1/2-1/2

[Event "RN-2019-0-01586"]
[Site "LSS email"]
[Date "2019.12.21"]
[Round "?"]
[White "Czaban, Tomasz"]
[Black "Heiser, Jerome"]
[Result "0-1"]
[WhiteElo "433"]
[BlackElo "548"]
[PlyCount "108"]
[EventDate "2019.11.28"]
[EventType "tourn (corr)"]
[EventRounds "6"]
[EventCountry "GER"]
[SourceTitle "Corr 2022"]
[Source "ChessBase"]
[SourceDate "2021.10.24"]
[SourceVersion "1"]
[SourceVersionDate "2021.10.24"]
[SourceQuality "1"]

1. e4 e5 2. Nf3 Nc6 3. Bb5 d6 4. 0-0 Bd7 5. d3 h6 6. h3 a6 7. Bxc6 Bxc6 8. Nc3 Nf6 9. Bd2 Be7 10. a3 0-0 11. Ne2 Nh5 12. Bb4 a5 13. Bd2 Bf6 14. Bc3 Nf4 15. Nxf4 exf4 16. Bxf6 Qxf6 17. c3 b6 18. Nd4 Bb7 19. f3 c5 20. Ne2 d5 21. Qc2 d4 22. cxd4 cxd4 23. Qc7 Ba6 24. Nxf4 Rac8 25. Nh5 Rxc7 26. Nxf6+ gxf6 27. Rfc1 Rxc1+ 28. Rxc1 Bxd3 29. Rc6 b5 30. Rxf6 Kg7 31. Rd6 Rc8 32. Rxd4 Rc1+ 33. Kf2 Bc4 34. Rd2 a4 35. g4 Rf1+ 36. Kg2 f6 37. Rd7+ Kg6 38. Rd4 Rb1 39. Rd2 h5 40. Kf2 hxg4 41. hxg4 Rf1+ 42. Kg2 Re1 43. Kf2 Rh1 44. Kg2 Rh7 45. Kg3 Rb7 46. Kf2 Rh7 47. Ke3 Bb3 48. Rd5 Bxd5 49. exd5 Kf7 50. Ke4 Ke8 51. f4 b4 52. Kf5 Rh2 53. Kxf6 Rxb2 54. axb4 Rxb4 0-1

[Event "RN-2019-0-01586"]
[Site "LSS email"]
[Date "2019.12.21"]
[Round "?"]
[White "Czaban, Tomasz"]
[Black "Neuhausen, Rainer"]
[Result "1/2-1/2"]
[WhiteElo "433"]
[BlackElo "1008"]
[PlyCount "58"]
[EventDate "2019.11.28"]
[EventType "tourn (corr)"]
[EventRounds "6"]
[EventCountry "GER"]
[SourceTitle "Corr 2022"]
[Source "ChessBase"]
[SourceDate "2021.10.24"]
[SourceVersion "1"]
[SourceVersionDate "2021.10.24"]
[SourceQuality "1"]

1. e4 e5 2. Nf3 Nc6 3. Bb5 a6 4. Bxc6 dxc6 5. d3 Bd6 6. Nc3 Nf6 7. h3 0-0 8. 0-0 Bd7 9. Bg5 h6 10. Bh4 g5 11. Bg3 Nh5 12. Bh2 g4 13. hxg4 Bxg4 14. Ne2 Qf6 15. Ng3 Nf4 16. Nh1 Nh3+ 17. gxh3 Bxf3 18. Qd2 Bxh1 19. Kxh1 Qf3+ 20. Kg1 Qxh3 21. Qe3 Qxe3 22. fxe3 Bc5 23. Rf3 Rae8 24. Raf1 f6 25. Kg2 Be7 26. Rg3+ Kh7 27. Kh1 Rg8 28. Rfg1 Rxg3 29. Rxg3 Rg8 1/2-1/2

[Event "RN-2019-0-01586"]
[Site "LSS email"]
[Date "2019.12.21"]
[Round "?"]
[White "Simmons, Ernest"]
[Black "Czaban, Tomasz"]
[Result "1-0"]
[WhiteElo "495"]
[BlackElo "433"]
[PlyCount "129"]
[EventDate "2019.11.28"]
[EventType "tourn (corr)"]
[EventRounds "6"]
[EventCountry "GER"]
[SourceTitle "Corr 2022"]
[Source "ChessBase"]
[SourceDate "2021.10.24"]
[SourceVersion "1"]
[SourceVersionDate "2021.10.24"]
[SourceQuality "1"]

1. d4 d5 2. c4 dxc4 3. Nc3 e6 4. e3 Nf6 5. Bxc4 Bb4 6. Bd2 a6 7. Nf3 Bxc3 8. Bxc3 Ne4 9. Bb4 Nd6 10. Bd3 Nc6 11. Bd2 Bd7 12. 0-0 h6 13. Re1 0-0 14. e4 Qe7 15. e5 Nc8 16. a3 Nb6 17. Be4 Nc4 18. Bc3 Rab8 19. Bxc6 Bxc6 20. Bb4 Nxb2 21. Qb3 Qe8 22. Bxf8 Qxf8 23. Qxb2 Bxf3 24. Qc3 c6 25. Qxf3 Qe7 26. Qg4 Rd8 27. Red1 Qc7 28. Rd3 Qa5 29. Qe2 Qd5 30. Rad1 Kf8 31. Qb2 Qd7 32. Rb3 b5 33. Rbd3 Qd5 34. Qb3 Qd7 35. a4 Qc7 36. Rc1 Qb7 37. Qb4+ Ke8 38. Qc5 Rd7 39. Qxc6 Qa7 40. Qc8+ Ke7 41. Qc5+ Ke8 42. Qxa7 Rxa7 43. h3 Ke7 44. Rdc3 Kd7 45. axb5 axb5 46. Rb3 Rb7 47. Rc5 Ra7 48. Rbxb5 Ra1+ 49. Kh2 Ra2 50. Rb7+ Kd8 51. Rcc7 Rxf2 52. Rd7+ Kc8 53. Ra7 g5 54. Re7 Kd8 55. Kg1 Rf4 56. Rxf7 Rxf7 57. Rxf7 Ke8 58. Rh7 Kf8 59. Rxh6 Kf7 60. Rf6+ Ke7 61. Rg6 Kf7 62. Rxg5 Ke7 63. h4 Kf7 64. h5 Kf8 65. h6 1-0

[Event "RN-2019-0-01571"]
[Site "LSS email"]
[Date "2019.10.17"]
[Round "?"]
[White "Brough, Carl"]
[Black "Czaban, Tomasz"]
[Result "1-0"]
[WhiteElo "679"]
[BlackElo "439"]
[PlyCount "133"]
[EventDate "2019.10.01"]
[EventType "tourn (corr)"]
[EventRounds "6"]
[EventCountry "GER"]
[SourceTitle "Corr 2022"]
[Source "ChessBase"]
[SourceDate "2021.10.24"]
[SourceVersion "1"]
[SourceVersionDate "2021.10.24"]
[SourceQuality "1"]

1. d4 d5 2. c4 dxc4 3. Nc3 Bf5 4. e4 Bd7 5. Bxc4 e6 6. Nf3 Nc6 7. 0-0 Nf6 8. Bg5 Be7 9. Bxf6 Bxf6 10. e5 Be7 11. a3 Na5 12. Bd3 h6 13. b4 Nc6 14. Be4 a6 15. d5 exd5 16. Nxd5 f6 17. Bg6+ Kf8 18. exf6 Bxf6 19. Qc2 Bxa1 20. Rxa1 Be6 21. Nf4 Bg4 22. Qc4 Qe7 23. Re1 Qf6 24. Ne6+ Bxe6 25. Qc2 Bf7 26. Bxf7 Kxf7 27. Qc5 Rac8 28. Qd5+ Kf8 29. Ne5 Nxe5 30. Rxe5 Rd8 31. Qc5+ Kg8 32. h3 Rd1+ 33. Kh2 Qf4+ 34. g3 Qf3 35. Re8+ Kh7 36. Qc2+ Rd3 37. Re3 Qd1 38. Qxd3+ Qxd3 39. Rxd3 Rf8 40. Kg2 Rf7 41. f4 Re7 42. Kf3 Kg6 43. g4 b6 44. Rd5 Kf6 45. h4 Ke6 46. Re5+ Kd6 47. Re4 c5 48. Rxe7 Kxe7 49. Ke4 Ke6 50. bxc5 bxc5 51. a4 Kd6 52. h5 Kc6 53. f5 Kb6 54. Kd5 c4 55. Kxc4 Ka5 56. Kb3 Kb6 57. Kc4 Ka5 58. Kd5 Kxa4 59. Ke6 Kb3 60. Kf7 a5 61. Kxg7 a4 62. f6 a3 63. f7 a2 64. f8Q a1Q+ 65. Qf6 Qa7+ 66. Qf7+ Ka3 67. Qxa7+ 1-0

[Event "RN-2019-0-01571"]
[Site "LSS email"]
[Date "2019.10.17"]
[Round "?"]
[White "Venturas, Bob"]
[Black "Czaban, Tomasz"]
[Result "1-0"]
[WhiteElo "487"]
[BlackElo "439"]
[PlyCount "45"]
[EventDate "2019.10.01"]
[EventType "tourn (corr)"]
[EventRounds "6"]
[EventCountry "GER"]
[SourceTitle "Corr 2022"]
[Source "ChessBase"]
[SourceDate "2021.10.24"]
[SourceVersion "1"]
[SourceVersionDate "2021.10.24"]
[SourceQuality "1"]

1. e4 e5 2. Nf3 Nc6 3. a3 a6 4. Nc3 d6 5. h3 Nf6 6. d4 exd4 7. Nxd4 Nxd4 8. Qxd4 Be6 9. Bg5 Be7 10. Be2 h6 11. Be3 0-0 12. 0-0 Re8 13. f4 Nd7 14. f5 c5 15. Qd2 Bxf5 16. Rxf5 Nf6 17. Raf1 Rf8 18. R1f3 b5 19. Bxh6 gxh6 20. Qxh6 Nh7 21. Rg3+ Bg5 22. Rfxg5+ Nxg5 23. Rxg5+ 1-0

[Event "RN-2019-0-01569"]
[Site "LSS email"]
[Date "2019.10.11"]
[Round "?"]
[White "Czaban, Tomasz"]
[Black "Pauk, Jozef"]
[Result "0-1"]
[WhiteElo "439"]
[BlackElo "723"]
[PlyCount "64"]
[EventDate "2019.09.28"]
[EventType "tourn (corr)"]
[EventRounds "6"]
[EventCountry "GER"]
[SourceTitle "Corr 2022"]
[Source "ChessBase"]
[SourceDate "2021.10.24"]
[SourceVersion "1"]
[SourceVersionDate "2021.10.24"]
[SourceQuality "1"]

1. e4 e5 2. Nf3 d6 3. Bc4 Be6 4. Bxe6 fxe6 5. d3 h6 6. Nc3 Nc6 7. 0-0 Nd4 8. Nxd4 exd4 9. Ne2 c5 10. Bf4 e5 11. Bg3 Nf6 12. h3 Nh5 13. Bh2 Be7 14. Ng3 Nf4 15. Nf5 0-0 16. Bxf4 exf4 17. Nxe7+ Qxe7 18. f3 Rf6 19. Re1 Rg6 20. Re2 Qh4 21. Kh1 Rf8 22. Qe1 Rg3 23. Qf1 Rf6 24. Rd1 Rfg6 25. b3 a5 26. a4 b6 27. Rde1 Re6 28. e5 d5 29. Rd1 Qe7 30. Rde1 Rg5 31. Kh2 Rgxe5 32. Qf2 Rxe2 0-1

[Event "RN-2019-0-01569"]
[Site "LSS email"]
[Date "2019.10.11"]
[Round "?"]
[White "Vontina, Maria"]
[Black "Czaban, Tomasz"]
[Result "0-1"]
[WhiteElo "821"]
[BlackElo "439"]
[PlyCount "74"]
[EventDate "2019.09.28"]
[EventType "tourn (corr)"]
[EventRounds "6"]
[EventCountry "GER"]
[SourceTitle "Corr 2022"]
[Source "ChessBase"]
[SourceDate "2021.10.24"]
[SourceVersion "1"]
[SourceVersionDate "2021.10.24"]
[SourceQuality "1"]

1. e4 e5 2. Nf3 Nc6 3. Bb5 a6 4. Ba4 d6 5. d4 exd4 6. Nxd4 Bd7 7. 0-0 Nxd4 8. Bxd7+ Qxd7 9. Qxd4 Nf6 10. f3 Be7 11. Nc3 0-0 12. Be3 h6 13. Rad1 Qc6 14. a3 Rfd8 15. Qd2 Nd7 16. Qf2 Ne5 17. Rd2 Nc4 18. Rdd1 Nxb2 19. Rb1 Nc4 20. a4 Nxe3 21. Qxe3 Bf6 22. Nd5 Re8 23. Nxf6+ gxf6 24. Qxh6 b6 25. Qxf6 Re6 26. Qg5+ Rg6 27. Qd2 Qc5+ 28. Kh1 Qh5 29. Qd5 Qxd5 30. exd5 Kh7 31. Rbe1 Rag8 32. Rg1 Rg5 33. Rd1 Re8 34. c4 Re2 35. Rde1 Rge5 36. Rxe2 Rxe2 37. Rc1 Ra2 0-1

[Event "RN-2019-0-01543"]
[Site "LSS email"]
[Date "2019.06.27"]
[Round "?"]
[White "Czaban, Tomasz"]
[Black "Cherry, Brian"]
[Result "0-1"]
[WhiteElo "459"]
[BlackElo "318"]
[PlyCount "86"]
[EventDate "2019.06.14"]
[EventType "tourn (corr)"]
[EventRounds "6"]
[EventCountry "GER"]
[SourceTitle "Corr 2022"]
[Source "ChessBase"]
[SourceDate "2021.10.24"]
[SourceVersion "1"]
[SourceVersionDate "2021.10.24"]
[SourceQuality "1"]

1. e4 e5 2. Nf3 Nc6 3. Bb5 d6 4. 0-0 Bd7 5. Nc3 f6 6. d3 f5 7. exf5 Bxf5 8. Nd5 Nf6 9. Nxf6+ Qxf6 10. Bg5 Qg6 11. Bh4 Bh3 12. Bg3 Bd7 13. a3 a6 14. Ba4 0-0-0 15. Nh4 Qg4 16. h3 Qxa4 17. Nf3 g6 18. Bh4 Be7 19. Bg3 h6 20. Re1 g5 21. b3 Qb5 22. a4 Qd5 23. c4 Qf7 24. d4 exd4 25. Nxd4 Nxd4 26. Qxd4 b6 27. Re3 Bf6 28. Qd3 Bxa1 29. Re1 Bf6 30. Qd5 Qxd5 31. cxd5 Rhe8 32. Rc1 Be5 33. Bxe5 Rxe5 34. Rd1 Rde8 35. Kf1 c6 36. dxc6 Bxc6 37. f3 d5 38. Kf2 Re2+ 39. Kg3 Rb2 40. Rc1 Re6 41. Rc3 Ree2 42. Rxc6+ Kb7 43. Rxh6 Rxg2# 0-1

[Event "RN-2019-0-01543"]
[Site "LSS email"]
[Date "2019.06.27"]
[Round "?"]
[White "Hughes, Peter James"]
[Black "Czaban, Tomasz"]
[Result "1-0"]
[WhiteElo "484"]
[BlackElo "459"]
[PlyCount "31"]
[EventDate "2019.06.14"]
[EventType "tourn (corr)"]
[EventRounds "6"]
[EventCountry "GER"]
[SourceTitle "Corr 2022"]
[Source "ChessBase"]
[SourceDate "2021.10.24"]
[SourceVersion "1"]
[SourceVersionDate "2021.10.24"]
[SourceQuality "1"]

1. e4 e5 2. Nf3 Nc6 3. Bc4 h6 4. 0-0 Bc5 5. b4 Bb6 6. c3 a6 7. d4 exd4 8. cxd4 d6 9. h3 Nf6 10. Qb3 0-0 11. e5 dxe5 12. Nxe5 Qxd4 13. Bb2 Qd8 14. Bxf7+ Kh7 15. Qc2+ Kh8 16. Ng6+ 1-0

[Event "SN-2019-0-00973"]
[Site "LSS email"]
[Date "2019.05.12"]
[Round "?"]
[White "Czaban, Tomasz"]
[Black "Evtyugin, Yury Alekseevich"]
[Result "0-1"]
[WhiteElo "449"]
[BlackElo "933"]
[PlyCount "84"]
[EventDate "2019.04.19"]
[EventType "tourn (corr)"]
[EventRounds "6"]
[EventCountry "GER"]
[SourceTitle "Corr 2022"]
[Source "ChessBase"]
[SourceDate "2021.10.24"]
[SourceVersion "1"]
[SourceVersionDate "2021.10.24"]
[SourceQuality "1"]

1. e4 c5 2. Nf3 Nc6 3. Bb5 d6 4. d4 cxd4 5. Nxd4 Bd7 6. Nxc6 Bxc6 7. Bxc6+ bxc6 8. 0-0 Nf6 9. Nc3 e5 10. Bg5 Be7 11. h3 0-0 12. Re1 Qc7 13. Rb1 h6 14. Bxf6 Bxf6 15. Qd3 Rfd8 16. Qe3 d5 17. exd5 cxd5 18. Red1 d4 19. Nb5 dxe3 20. Nxc7 exf2+ 21. Kxf2 Rxd1 22. Rxd1 Rc8 23. Rd7 Bd8 24. Nb5 Rxc2+ 25. Kf1 Bb6 26. Nxa7 Bxa7 27. Rxa7 Rxb2 28. a4 e4 29. Re7 f5 30. Re5 g6 31. Re6 Kf7 32. Ra6 f4 33. a5 h5 34. Ra8 e3 35. a6 g5 36. Ra7+ Kg6 37. Ra8 g4 38. a7 Rb1+ 39. Ke2 Rb2+ 40. Ke1 f3 41. Rg8+ Kh6 42. a8Q Rb1# 0-1

[Event "SN-2019-0-00973"]
[Site "LSS email"]
[Date "2019.05.12"]
[Round "?"]
[White "Czaban, Tomasz"]
[Black "Sagis, Raju"]
[Result "1-0"]
[WhiteElo "449"]
[BlackElo "301"]
[PlyCount "101"]
[EventDate "2019.04.19"]
[EventType "tourn (corr)"]
[EventRounds "6"]
[EventCountry "GER"]
[SourceTitle "Corr 2022"]
[Source "ChessBase"]
[SourceDate "2021.10.24"]
[SourceVersion "1"]
[SourceVersionDate "2021.10.24"]
[SourceQuality "1"]

1. e4 e5 2. Nf3 d6 3. Nc3 Nf6 4. Bb5+ Bd7 5. Bxd7+ Nbxd7 6. h3 Be7 7. 0-0 0-0 8. d3 c5 9. Bg5 a5 10. a3 b6 11. Bxf6 Bxf6 12. Nd5 a4 13. Nxf6+ Nxf6 14. Qd2 d5 15. exd5 Qxd5 16. Rfe1 Rfe8 17. Qc3 e4 18. dxe4 Nxe4 19. Qe3 Nf6 20. Qd2 Rad8 21. Qxd5 Rxd5 22. Rxe8+ Nxe8 23. Re1 Kf8 24. c3 g6 25. Re5 Rxe5 26. Nxe5 Nd6 27. Nd7+ Ke7 28. Nxb6 f5 29. Nxa4 Nc4 30. Nxc5 Nxb2 31. f3 Na4 32. Nxa4 Kd6 33. Kf2 Kd5 34. Ke3 Kc4 35. Kf4 Kb3 36. Kg5 Kxa4 37. Kh6 Kxa3 38. Kxh7 Kb3 39. Kxg6 Kxc3 40. Kxf5 Kd3 41. Ke5 Ke3 42. f4 Kf2 43. g4 Kg3 44. g5 Kxh3 45. g6 Kg4 46. g7 Kf3 47. g8Q Kf2 48. f5 Ke3 49. f6 Kd3 50. f7 Kc3 51. f8Q 1-0

[Event "OP-2019-0-04767"]
[Site "LSS email"]
[Date "2019.04.16"]
[Round "?"]
[White "Cordes, Michael"]
[Black "Czaban, Tomasz"]
[Result "1/2-1/2"]
[WhiteElo "540"]
[BlackElo "446"]
[PlyCount "89"]
[EventDate "2019.04.10"]
[EventType "tourn (corr)"]
[EventRounds "4"]
[EventCountry "GER"]
[SourceTitle "Corr 2022"]
[Source "ChessBase"]
[SourceDate "2021.10.24"]
[SourceVersion "1"]
[SourceVersionDate "2021.10.24"]
[SourceQuality "1"]

1. d4 e6 2. c4 d5 3. c5 Nc6 4. e3 a6 5. Nf3 Nf6 6. Bd3 Be7 7. Nc3 0-0 8. Qc2 g6 9. Bd2 Nb4 10. Qb1 Bd7 11. Ne5 Nc6 12. Nxd7 Nxd7 13. a3 Bf6 14. Qc2 Bg7 15. Ne2 Nf6 16. h3 Nh5 17. 0-0 h6 18. b4 Nf6 19. Bxg6 fxg6 20. Qxg6 Ne7 21. Qd3 Nc6 22. b5 axb5 23. Qxb5 Qc8 24. a4 Ne4 25. Be1 Na7 26. Qd3 Nc6 27. f3 Nf6 28. Qg6 Qe8 29. Qg3 Kh8 30. Qxc7 Qc8 31. Qxc8 Raxc8 32. a5 Ra8 33. Bg3 Rxa5 34. Rxa5 Nxa5 35. Ra1 Ra8 36. Bc7 Ra6 37. Bxa5 Nd7 38. Nc3 Nb8 39. Ra2 Nc6 40. Bb6 Nb4 41. Rxa6 bxa6 42. Kf2 Nd3+ 43. Ke2 Nb4 44. Na4 Bf8 45. Kd2 1/2-1/2

[Event "RN-2019-0-01520"]
[Site "LSS email"]
[Date "2019.03.26"]
[Round "?"]
[White "Czaban, Tomasz"]
[Black "Vontina, Maria"]
[Result "1/2-1/2"]
[WhiteElo "429"]
[BlackElo "796"]
[PlyCount "76"]
[EventDate "2019.03.09"]
[EventType "tourn (corr)"]
[EventRounds "6"]
[EventCountry "GER"]
[SourceTitle "Corr 2022"]
[Source "ChessBase"]
[SourceDate "2021.10.24"]
[SourceVersion "1"]
[SourceVersionDate "2021.10.24"]
[SourceQuality "1"]

1. e4 e6 2. Nf3 d5 3. exd5 exd5 4. d4 Nf6 5. Bb5+ c6 6. Ba4 Be7 7. 0-0 Bg4 8. h3 Bh5 9. Bg5 0-0 10. Nbd2 Re8 11. Re1 Nbd7 12. Qc1 Bg6 13. Ne5 Qc7 14. Nxd7 Qxd7 15. Bxf6 Bxf6 16. c3 Qf5 17. Nf3 Qd7 18. Bc2 Bxc2 19. Qxc2 a5 20. Ne5 Qd6 21. Ng4 Bg5 22. Ne5 Bf6 23. Ng4 h6 24. Nxf6+ Qxf6 25. Qd3 Re6 26. Kf1 Rae8 27. Rxe6 fxe6 28. Re1 e5 29. dxe5 Rxe5 30. Rxe5 Qxe5 31. f3 b5 32. Qd4 Qd6 33. Kf2 c5 34. Qe3 a4 35. a3 g5 36. Qe8+ Kg7 37. Qxb5 Qf4 38. Qe2 Qd6 1/2-1/2

[Event "SN-2019-0-00959"]
[Site "LSS email"]
[Date "2019.01.29"]
[Round "?"]
[White "Czaban, Tomasz"]
[Black "Venturas, Bob"]
[Result "1/2-1/2"]
[WhiteElo "377"]
[BlackElo "602"]
[PlyCount "49"]
[EventDate "2018.12.21"]
[EventType "tourn (corr)"]
[EventRounds "6"]
[EventCountry "GER"]
[SourceTitle "Corr 2022"]
[Source "ChessBase"]
[SourceDate "2021.10.24"]
[SourceVersion "1"]
[SourceVersionDate "2021.10.24"]
[SourceQuality "1"]

1. e4 e5 2. Nf3 Nc6 3. Bb5 d6 4. h3 h6 5. d3 Bd7 6. Nc3 Nce7 7. Bxd7+ Qxd7 8. Bd2 Nf6 9. 0-0 Nc6 10. a3 a6 11. b4 b5 12. Ne2 Be7 13. Ng3 0-0 14. Nf5 Nh7 15. Nxe7+ Qxe7 16. c3 f5 17. Qe2 f4 18. a4 bxa4 19. Rxa4 Qd7 20. Rfa1 Nb8 21. d4 c6 22. dxe5 dxe5 23. Nxe5 Qe6 24. Qh5 Ra7 25. Ng6 1/2-1/2

[Event "SN-2019-0-00959"]
[Site "LSS email"]
[Date "2019.01.29"]
[Round "?"]
[White "Evtyugin, Yury Alekseevich"]
[Black "Czaban, Tomasz"]
[Result "1-0"]
[WhiteElo "948"]
[BlackElo "377"]
[PlyCount "57"]
[EventDate "2018.12.21"]
[EventType "tourn (corr)"]
[EventRounds "6"]
[EventCountry "GER"]
[SourceTitle "Corr 2022"]
[Source "ChessBase"]
[SourceDate "2021.10.24"]
[SourceVersion "1"]
[SourceVersionDate "2021.10.24"]
[SourceQuality "1"]

1. Nf3 d5 2. d4 Nc6 3. Bf4 Nf6 4. e3 Bg4 5. Be2 e6 6. 0-0 a6 7. Ne5 Bxe2 8. Qxe2 Nxe5 9. Bxe5 Be7 10. f3 0-0 11. a3 Nd7 12. Bg3 c5 13. c3 cxd4 14. exd4 Nb6 15. Nd2 Rc8 16. f4 h6 17. f5 Qd7 18. fxe6 fxe6 19. Be5 Qd8 20. Qg4 Bf6 21. Bf4 Bg5 22. Qxe6+ Kh8 23. Be5 Bxd2 24. Qg6 Rxf1+ 25. Rxf1 Be3+ 26. Kh1 Qg5 27. Bxg7+ Kg8 28. Qf7+ Kh7 29. Bf6+ 1-0

[Event "RN-2019-0-01501"]
[Site "LSS email"]
[Date "2019.01.15"]
[Round "?"]
[White "Czaban, Tomasz"]
[Black "Bortnicker, Justin"]
[Result "1/2-1/2"]
[WhiteElo "372"]
[BlackElo "924"]
[PlyCount "86"]
[EventDate "2019.01.03"]
[EventType "tourn (corr)"]
[EventRounds "6"]
[EventCountry "GER"]
[SourceTitle "Corr 2022"]
[Source "ChessBase"]
[SourceDate "2021.10.24"]
[SourceVersion "1"]
[SourceVersionDate "2021.10.24"]
[SourceQuality "1"]

1. e4 c5 2. Nf3 e6 3. d4 cxd4 4. Nxd4 Nf6 5. Nc3 Bb4 6. Bd3 Qb6 7. Nf3 Nc6 8. Bd2 Ng4 9. 0-0 0-0 10. a3 Bc5 11. Rb1 Bxf2+ 12. Kh1 Bc5 13. Na4 Qc7 14. g3 Nf2+ 15. Kg2 Nxd1 16. Nxc5 Ne5 17. Nxe5 Qxe5 18. Rfxd1 Qxc5 19. Bb4 Qc6 20. Bxf8 Kxf8 21. Rf1 b6 22. Rf3 d5 23. Rbf1 f6 24. exd5 Qxd5 25. b3 Kg8 26. Kf2 Bb7 27. Re3 e5 28. Bc4 Qxc4 29. bxc4 Ba6 30. Rc3 Rc8 31. Rd1 Rc7 32. Rd8+ Kf7 33. Ra8 Bxc4 34. Rd8 b5 35. Ke3 f5 36. Rd6 Ke7 37. Rd2 g6 38. h4 h5 39. Kf2 a6 40. Ke3 Rc6 41. Kf2 Rc7 42. Ke3 Rc6 43. Kf2 Rc7 1/2-1/2